[Event "Titled Tue 1st Jul Early"]
[Site "chess.com INT"]
[Date "2025.07.01"]
[Round "1"]
[White "Ibrahimli, Murad"]
[Black "Donoso Aguirre, Maximiliano"]
[Result "1-0"]
[WhiteTitle "IM"]
[BlackTitle "CM"]
[WhiteElo "2438"]
[BlackElo "2050"]
[WhiteFideId "13410229"]
[BlackFideId "3458920"]
[EventDate "2025.07.01"]

1. c4 e6 2. Nc3 d5 3. d4 Nf6 4. cxd5 exd5 5. Bg5 c6 6. e3 h6 7. Bh4 Bd6 8. Bd3
O-O 9. Nge2 Re8 10. h3 a5 11. O-O Na6 12. a3 Nc7 13. Re1 Ne6 14. Bg3 Ng5 15.
Bxd6 Qxd6 16. Nf4 Nge4 17. Rc1 Bd7 18. Nh5 Rad8 19. Nxf6+ Nxf6 20. Qf3 Re7 21.
Qf4 Qxf4 22. exf4 Rde8 23. Re5 Kf8 24. b4 axb4 25. axb4 b5 26. Ra1 Be6 27. Ra6
Rc7 28. f3 Nd7 29. Re3 f6 30. Bg6 1-0

[Event "Titled Tue 1st Jul Early"]
[Site "chess.com INT"]
[Date "2025.07.01"]
[Round "1"]
[White "Shukhman, Anna"]
[Black "Chen, Yidong"]
[Result "1-0"]
[WhiteTitle "WGM"]
[WhiteElo "2416"]
[BlackElo "2074"]
[WhiteFideId "54180058"]
[BlackFideId "8607028"]
[EventDate "2025.07.01"]

1. e4 c5 2. Nf3 d6 3. d4 cxd4 4. Nxd4 Nf6 5. Nc3 a6 6. Qd3 Nbd7 7. Be2 g6 8. Bg5
Bg7 9. O-O-O O-O 10. Qe3 Qc7 11. g4 Ne5 12. f3 Be6 13. h4 b5 14. Kb1 b4 15. Na4
Nc4 16. Bxc4 Bxc4 17. h5 Bb5 18. hxg6 Bxa4 19. Bh6 fxg6 20. Bxg7 Rfc8 21. b3 e5
22. Bxf6 exd4 23. Bxd4 Qxc2+ 24. Ka1 Be8 25. Bb2 Qc5 26. Qf4 1-0

[Event "Titled Tue 1st Jul Early"]
[Site "chess.com INT"]
[Date "2025.07.01"]
[Round "1"]
[White "Gubajdullin, Alexei"]
[Black "Dighton, Simon"]
[Result "1-0"]
[WhiteTitle "FM"]
[BlackTitle "CM"]
[WhiteElo "2233"]
[BlackElo "2237"]
[WhiteFideId "4141202"]
[BlackFideId "408603"]
[EventDate "2025.07.01"]

1. Nf3 Nf6 2. g3 d5 3. Bg2 e6 4. O-O Be7 5. d3 O-O 6. Nbd2 c5 7. e4 Nc6 8. e5
Nd7 9. Re1 Qc7 10. Qe2 f6 11. exf6 Nxf6 12. Nf1 Bd6 13. c4 Bd7 14. Ne3 Rae8 15.
a3 Nd4 16. Nxd4 cxd4 17. Nc2 dxc4 18. Nxd4 e5 19. Nc2 cxd3 20. Qxd3 e4 21. Qe2
Ng4 22. Be3 Nxe3 23. fxe3 Be5 24. Nd4 Bxd4 25. exd4 Qb6 26. Qc4+ Be6 27. Qb4
Qxb4 28. axb4 a6 29. Rxe4 Bc8 30. Rxe8 Rxe8 31. Rc1 Rd8 32. d5 b6 33. Rc6 Bb7
34. Rxb6 Bxd5 35. Bf1 Bb3 36. Rxa6 Rd1 37. Ra8+ Kf7 38. Ra7+ Kf6 39. Kf2 Rd2+
40. Ke3 Rxb2 41. h4 Bd5 42. b5 Rb3+ 43. Kd4 Be6 44. Ra6 Ke7 45. Rxe6+ 1-0

[Event "Titled Tue 1st Jul Early"]
[Site "chess.com INT"]
[Date "2025.07.01"]
[Round "1"]
[White "Le, Minh Tu"]
[Black "Srihari, L R"]
[Result "0-1"]
[WhiteTitle "FM"]
[BlackTitle "IM"]
[WhiteElo "1932"]
[BlackElo "2482"]
[WhiteFideId "12404888"]
[BlackFideId "46617116"]
[EventDate "2025.07.01"]

1. e4 c5 2. Nf3 g6 3. c3 Nf6 4. e5 Nd5 5. d4 cxd4 6. cxd4 d6 7. exd6 Qxd6 8. Nc3
Bg7 9. Bc4 Nxc3 10. bxc3 O-O 11. O-O Qc7 12. Qb3 Nc6 13. Ng5 e6 14. Qa4 Bd7 15.
Bb5 a6 16. Bxc6 Bxc6 17. Qd1 Rac8 18. Ba3 Rfd8 19. Qg4 h6 20. Ne4 f5 21. Qxg6
Bxe4 22. Qxe6+ Qf7 23. Qb6 Qf6 24. Qb4 Bf8 25. Qb3+ Bd5 26. Qa4 Bxa3 27. Qxa3
Qc6 28. f3 Qxc3 29. Qe7 Qxd4+ 30. Kh1 Qg7 31. Qe3 Rc2 32. Rad1 0-1

[Event "Titled Tue 1st Jul Early"]
[Site "chess.com INT"]
[Date "2025.07.01"]
[Round "1"]
[White "Garg, Priyansh"]
[Black "Kornev, Alexei"]
[Result "0-1"]
[BlackTitle "GM"]
[WhiteElo "2095"]
[BlackElo "2500"]
[WhiteFideId "30984696"]
[BlackFideId "4120949"]
[EventDate "2025.07.01"]

1. d4 Nf6 2. Nc3 d5 3. Bf4 e6 4. e3 Bb4 5. Bd3 c5 6. dxc5 Nbd7 7. Ne2 Nxc5 8. a3
Nxd3+ 9. cxd3 Be7 10. d4 Bd7 11. O-O O-O 12. Qb3 Qb6 13. Qxb6 axb6 14. Rac1 Rfc8
15. f3 b5 16. Na2 Rc4 17. Nec3 Nh5 18. Be5 f6 19. Bg3 Nxg3 20. hxg3 Kf7 21. Kf2
Rac8 22. Ne2 Rc2 23. Rxc2 Rxc2 24. Nc3 Rxb2 25. Rb1 Bxa3 26. Rxb2 Bxb2 27. Na2
Ba3 28. Nec1 b4 29. Nb3 Ba4 30. Nc5 b3 31. Nc3 Bxc5 32. Nxa4 Ba3 33. Ke2 b5 34.
Nc3 Bb4 35. Nb1 h5 36. Kd3 Be1 37. Na3 b4 38. Nb1 Bxg3 39. Nd2 b2 40. Kc2 Be1
41. Nf1 Bc3 42. Ng3 h4 43. Ne2 g5 44. Ng1 Kg6 45. Nh3 e5 46. dxe5 fxe5 47. Nf2
d4 48. e4 Kf6 49. Nh3 Be1 50. Kxb2 d3 51. Kc1 b3 52. Kd1 b2 53. Kxe1 b1=Q+ 54.
Kf2 Qc2+ 55. Kg1 d2 56. Kh2 d1=Q 57. f4 g4 58. Ng5 g3+ 59. Kh3 Qh1+ 60. Kg4
Qhxg2 61. fxe5+ Kxe5 62. Nf3+ Qxf3+ 63. Kxf3 0-1

[Event "Titled Tue 1st Jul Early"]
[Site "chess.com INT"]
[Date "2025.07.01"]
[Round "1"]
[White "Khoroshev, Nikita"]
[Black "Tyukhanov, Alexey"]
[Result "1-0"]
[WhiteTitle "IM"]
[BlackTitle "CM"]
[WhiteElo "2357"]
[BlackElo "2218"]
[WhiteFideId "14200287"]
[BlackFideId "24149829"]
[EventDate "2025.07.01"]

1. e4 c6 2. Nf3 d5 3. Nc3 dxe4 4. Nxe4 Bg4 5. h3 Bxf3 6. Qxf3 e6 7. g3 Nd7 8.
Bg2 Ngf6 9. Nc3 Be7 10. O-O O-O 11. d4 Nb6 12. Rd1 a5 13. a4 Nbd5 14. Ne2 Qb6
15. c4 Nb4 16. Qb3 Rfe8 17. Be3 Qa6 18. Nc3 Rad8 19. Rd2 Rd7 20. Rad1 Red8 21.
Bf3 h6 22. Kg2 Ne8 23. d5 exd5 24. cxd5 cxd5 25. Nxd5 Nxd5 26. Bxd5 Bd6 27. Bb6
Bc7 28. Bxf7+ Rxf7 29. Rxd8 Bxd8 30. Rxd8 Qe2 31. Rd7 Qf3+ 32. Qxf3 1-0

[Event "Titled Tue 1st Jul Early"]
[Site "chess.com INT"]
[Date "2025.07.01"]
[Round "1"]
[White "Gurel, Ediz"]
[Black "Kamalsyah, Muhammad"]
[Result "1-0"]
[WhiteTitle "GM"]
[BlackTitle "FM"]
[WhiteElo "2652"]
[BlackElo "2314"]
[WhiteFideId "44507356"]
[BlackFideId "7105932"]
[EventDate "2025.07.01"]

1. Nf3 c5 2. b3 Nc6 3. Bb2 Nf6 4. e3 e6 5. Be2 Be7 6. O-O O-O 7. d4 b6 8. c4
cxd4 9. Nxd4 Bb7 10. Nd2 Nxd4 11. Bxd4 d5 12. Rc1 Rc8 13. Rc2 dxc4 14. Nxc4 Be4
15. Rd2 Qc7 16. Be5 Qc6 17. f3 Bg6 18. Qa1 Rfd8 19. Rfd1 Rxd2 20. Rxd2 b5 21.
Nd6 Rd8 22. Bxb5 Qb6 23. Qd4 Qxd4 24. Rxd4 Nd5 25. Nc4 Bc5 26. Rd2 f6 27. Bg3 a6
28. Bxa6 Ra8 29. Bb7 Nxe3 30. Bxa8 Nxc4+ 31. Bf2 Nxd2 32. Bxc5 1-0

[Event "Titled Tue 1st Jul Early"]
[Site "chess.com INT"]
[Date "2025.07.01"]
[Round "1"]
[White "Kanyamarala, Trisha"]
[Black "Rakhmanov, Aleksandr"]
[Result "0-1"]
[WhiteTitle "WIM"]
[BlackTitle "GM"]
[WhiteElo "2233"]
[BlackElo "2585"]
[WhiteFideId "45004722"]
[BlackFideId "4173708"]
[EventDate "2025.07.01"]

1. c4 e5 2. Nc3 Bb4 3. Nf3 Bxc3 4. dxc3 d6 5. g3 Nc6 6. Bg2 Nge7 7. O-O O-O 8.
a4 a5 9. b3 h6 10. Qc2 f5 11. Rd1 Qe8 12. Rb1 b6 13. b4 Be6 14. c5 bxc5 15. bxc5
d5 16. c4 d4 17. Ne1 Nb4 18. Qb3 Rb8 19. Ba3 Qf7 20. Rbc1 Rfd8 21. Nd3 Nxd3 22.
Qxd3 e4 23. Qc2 Nc6 24. f3 d3 25. exd3 Nd4 26. Qf2 exf3 27. Bxf3 Rb3 28. Ra1
Nxf3+ 29. Qxf3 Bxc4 30. Qf4 Rbxd3 31. Rxd3 Rxd3 32. Bb2 Bd5 33. Re1 Be4 34. Qe5
Rd2 35. Bd4 Rg2+ 36. Kf1 Qc4+ 0-1

[Event "Titled Tue 1st Jul Early"]
[Site "chess.com INT"]
[Date "2025.07.01"]
[Round "1"]
[White "Murthy, Pappu"]
[Black "Lowinger, Daniel"]
[Result "0-1"]
[WhiteElo "1836"]
[BlackElo "2086"]
[WhiteFideId "2013401"]
[BlackFideId "2005557"]
[EventDate "2025.07.01"]

1. e4 c5 2. d4 cxd4 3. c3 dxc3 4. Nxc3 Nc6 5. Nf3 e6 6. Bb5 a6 7. Bxc6 bxc6 8.
O-O d5 9. Qa4 Bd7 10. Ne5 Ne7 11. Nxd7 Qxd7 12. e5 c5 13. Qg4 g6 14. Rd1 Qc7 15.
Bf4 Bg7 16. Re1 Rb8 17. b3 Rb4 18. Qf3 O-O 19. Rac1 c4 20. h4 h5 0-1

[Event "Titled Tue 1st Jul Early"]
[Site "chess.com INT"]
[Date "2025.07.01"]
[Round "1"]
[White "Arya G Mallar"]
[Black "Vasilenok, Anton"]
[Result "0-1"]
[WhiteTitle "WCM"]
[BlackTitle "CM"]
[WhiteElo "2000"]
[BlackElo "2137"]
[WhiteFideId "25115324"]
[BlackFideId "34133124"]
[EventDate "2025.07.01"]

1. d4 d5 2. c4 dxc4 3. Nf3 Nf6 4. e3 Be6 5. Nc3 c5 6. Qa4+ Bd7 7. Qxc4 cxd4 8.
exd4 e6 9. Be2 Nc6 10. O-O Be7 11. Rd1 O-O 12. Ne5 Nb4 13. Bf3 Rc8 14. Qb3 b6
15. a3 Nbd5 16. Nxd5 exd5 17. Bxd5 Nxd5 18. Qxd5 Ba4 19. Qxd8 Rfxd8 20. Rd3 Bf6
21. Nf3 Bc2 22. Rc3 Be4 23. Nd2 Bf5 24. Nb3 Be6 25. Rf3 Bd5 26. Rg3 Bxb3 27.
Rxb3 Bxd4 28. Bg5 f6 29. Bf4 Rc2 30. Rd1 Bxf2+ 31. Kf1 Rxd1# 0-1

[Event "Titled Tue 1st Jul Early"]
[Site "chess.com INT"]
[Date "2025.07.01"]
[Round "1"]
[White "Hobaica, Juan Pablo"]
[Black "Boramanikar, Tanisha S"]
[Result "1-0"]
[WhiteTitle "IM"]
[BlackTitle "WCM"]
[WhiteElo "2386"]
[BlackElo "1743"]
[WhiteFideId "104159"]
[BlackFideId "35023454"]
[EventDate "2025.07.01"]

1. e4 c5 2. Nc3 Nc6 3. g3 g6 4. Bg2 Bg7 5. d3 e6 6. Be3 d6 7. Qd2 Nge7 8. Nf3
O-O 9. Bh6 d5 10. Bxg7 Kxg7 11. h4 h5 12. O-O-O Qa5 13. d4 cxd4 14. Nxd4 e5 15.
Nb3 Qa6 16. exd5 Rd8 17. Qe1 Nb4 18. Qxe5+ Kf8 19. a3 f6 20. Qc7 Bg4 21. axb4
Rac8 22. Qa5 Bxd1 23. Qxa6 bxa6 24. Rxd1 Nf5 25. Nc5 a5 26. Ne6+ 1-0

[Event "Titled Tue 1st Jul Early"]
[Site "chess.com INT"]
[Date "2025.07.01"]
[Round "1"]
[White "Yang, Daniel"]
[Black "Lee, Qing Aun"]
[Result "1/2-1/2"]
[WhiteTitle "CM"]
[BlackTitle "FM"]
[WhiteElo "2219"]
[BlackElo "2280"]
[WhiteFideId "30976340"]
[BlackFideId "5804167"]
[EventDate "2025.07.01"]

1. Nf3 e6 2. g3 f5 3. Bg2 Nf6 4. O-O d5 5. d4 Bd6 6. b3 c6 7. c4 Qe7 8. Ne5 Nbd7
9. Bf4 O-O 10. e3 Ne4 11. Nxd7 Bxd7 12. Nd2 Bb4 13. Nxe4 fxe4 14. Be5 Bd6 15.
Bxd6 Qxd6 16. f4 Rad8 17. c5 Qe7 18. b4 Be8 19. a4 g5 20. Rb1 Bg6 21. b5 gxf4
22. gxf4 Bf5 23. Kh1 Qh4 24. Qe2 Rf6 25. Qf2 Qh5 26. Rg1 Kh8 27. bxc6 bxc6 28.
Bf1 Bg4 29. Rg3 Rg6 30. Bg2 Rdg8 31. Rg1 Bf5 32. Bf1 Bg4 33. Bg2 Be2 34. Rxg6
Rxg6 35. Bf1 Bf3+ 36. Bg2 Bxg2+ 37. Rxg2 Rxg2 38. Kxg2 Qg4+ 39. Qg3 Qe2+ 40. Kh3
Qh5+ 41. Kg2 Qe2+ 42. Kh3 Qh5+ 43. Kg2 Qe2+ 1/2-1/2

[Event "Titled Tue 1st Jul Early"]
[Site "chess.com INT"]
[Date "2025.07.01"]
[Round "1"]
[White "Montano Vicente, Guadalupe"]
[Black "Andreev, Konstantin"]
[Result "0-1"]
[BlackTitle "FM"]
[WhiteElo "1940"]
[BlackElo "2208"]
[WhiteFideId "5181399"]
[BlackFideId "24239305"]
[EventDate "2025.07.01"]

1. d4 Nf6 2. c4 e6 3. Nc3 Bb4 4. Qc2 O-O 5. e4 d5 6. e5 Ne4 7. Bd3 c5 8. Nf3 Nc6
9. O-O Nxd4 10. Nxd4 cxd4 11. Nxe4 dxe4 12. Bxe4 h6 13. a3 Be7 14. Rd1 Qb6 15.
b4 Rd8 16. Bb2 a5 17. c5 Qb5 18. Bd3 Qc6 19. Bh7+ Kf8 20. Bxd4 axb4 21. Be4 b3
22. Qe2 Qa4 23. Qe3 b2 24. Rab1 Qxa3 25. Qxa3 Rxa3 26. Bxb2 Rb3 27. Rxd8+ Bxd8
28. Bd4 Rxb1+ 29. Bxb1 Bd7 30. Be4 Bc6 31. Bxc6 bxc6 32. Kf1 h5 33. Ke2 g6 34.
Kd3 Ke7 35. Kc4 Ba5 36. g3 Kd7 37. f3 Kc7 38. h3 Kb7 39. g4 Ka6 40. Be3 Be1 41.
Bd4 Ka5 42. Be3 Ka4 43. Bg1 Ka3 44. Bd4 Bd2 45. Ba1 Ka2 46. Bd4 Kb1 47. Kd3 Kc1 0-1

[Event "Titled Tue 1st Jul Early"]
[Site "chess.com INT"]
[Date "2025.07.01"]
[Round "1"]
[White "Sprenar, Petr"]
[Black "Novikova, Anna"]
[Result "1-0"]
[WhiteTitle "FM"]
[BlackTitle "WIM"]
[WhiteElo "2318"]
[BlackElo "2179"]
[WhiteFideId "397164"]
[BlackFideId "4146794"]
[EventDate "2025.07.01"]

1. d4 Nf6 2. c4 g6 3. g3 Bg7 4. Nf3 O-O 5. Bg2 c6 6. O-O d5 7. cxd5 cxd5 8. Ne5
Nc6 9. Nxc6 bxc6 10. Nc3 Bf5 11. b3 Rc8 12. Na4 Nd7 13. Ba3 Re8 14. Rc1 e5 15.
dxe5 Nxe5 16. Bc5 Qd7 17. Re1 Bh3 18. Bh1 Ng4 19. Bf3 Be5 20. Bd4 Bxd4 21. Qxd4
Ne5 22. Bh1 Qe7 23. f4 Ng4 24. e4 dxe4 25. Bxe4 Qc7 26. Bf3 Nh6 27. Rxe8+ Rxe8
28. Rxc6 Re1+ 29. Kf2 1-0

[Event "Titled Tue 1st Jul Early"]
[Site "chess.com INT"]
[Date "2025.07.01"]
[Round "1"]
[White "Radionov, Timur"]
[Black "Saydaliev, Saidakbar"]
[Result "0-1"]
[WhiteTitle "FM"]
[BlackTitle "IM"]
[WhiteElo "2200"]
[BlackElo "2457"]
[WhiteFideId "34178772"]
[BlackFideId "14203693"]
[EventDate "2025.07.01"]

1. e4 c5 2. Nc3 Nc6 3. f4 g6 4. Nf3 Bg7 5. Bb5 e6 6. Bxc6 bxc6 7. d3 Ne7 8. O-O
O-O 9. e5 d6 10. exd6 Qxd6 11. Ne4 Qd8 12. c3 c4 13. dxc4 Qb6+ 14. Kh1 Ba6 15.
Qe2 Rab8 16. Ne5 Rfd8 17. b3 Nf5 18. g4 Ne7 19. Be3 Qc7 20. g5 Nd5 21. Bd4 Ne7
22. Bc5 Nf5 23. Rad1 Kh8 24. Nf6 h6 25. Qf3 h5 26. Rxd8+ Rxd8 27. Rd1 Bxf6 28.
Rxd8+ Bxd8 29. Qe3 Nxe3 0-1

[Event "Titled Tue 1st Jul Early"]
[Site "chess.com INT"]
[Date "2025.07.01"]
[Round "1"]
[White "Duarte, Leonardo"]
[Black "Vagman, Roy"]
[Result "0-1"]
[WhiteTitle "IM"]
[BlackTitle "FM"]
[WhiteElo "2304"]
[BlackElo "2403"]
[WhiteFideId "110582"]
[BlackFideId "2828995"]
[EventDate "2025.07.01"]

1. e4 g6 2. d4 Bg7 3. Nc3 a6 4. a4 b6 5. Nf3 Bb7 6. Be2 d6 7. O-O e6 8. Be3 h6
9. Qd2 g5 10. Rad1 Nd7 11. h3 Ne7 12. Nh2 Ng6 13. Bh5 Qe7 14. Kh1 O-O 15. Ng4
Kh7 16. f4 f5 17. exf5 exf5 18. Nh2 Nh4 19. Nf3 Rae8 20. Bxe8 Nxf3 21. gxf3 Qxe8
22. fxg5 Qh5 23. Kh2 Bxf3 24. Rde1 Bb7 25. gxh6 Bh8 26. Rg1 Nf6 27. Bf4 Rf7 28.
Rg3 b5 29. axb5 axb5 30. b4 Bc6 31. Qf2 Ne4 32. Nxe4 fxe4 33. Rg5 Qxg5 0-1

[Event "Titled Tue 1st Jul Early"]
[Site "chess.com INT"]
[Date "2025.07.01"]
[Round "1"]
[White "Krasteva, Beloslava"]
[Black "Xalmatov, Yakubjon"]
[Result "0-1"]
[WhiteTitle "FM"]
[BlackTitle "CM"]
[WhiteElo "2323"]
[BlackElo "2096"]
[WhiteFideId "2922029"]
[BlackFideId "14201615"]
[EventDate "2025.07.01"]

1. d4 Nf6 2. Nf3 e6 3. Bf4 d5 4. e3 c5 5. c3 Nc6 6. Nbd2 Bd6 7. Bg3 O-O 8. Bd3
b6 9. e4 Be7 10. e5 Nh5 11. Ng5 Bxg5 12. Qxh5 g6 13. Qe2 f5 14. exf6 cxd4 15. h4
Bxf6 16. h5 g5 17. c4 Nb4 18. Nf3 Nxd3+ 19. Qxd3 Bb7 20. cxd5 Qxd5 21. O-O g4
22. Ne1 Qxh5 23. Nc2 Bg7 24. Rae1 e5 25. Qd2 Rae8 26. Nb4 Re6 27. Nd3 Rh6 28. f3
gxf3 0-1

[Event "Titled Tue 1st Jul Early"]
[Site "chess.com INT"]
[Date "2025.07.01"]
[Round "1"]
[White "Demchenko, Yaroslav"]
[Black "Svane, Frederik"]
[Result "0-1"]
[WhiteTitle "CM"]
[BlackTitle "GM"]
[WhiteElo "2217"]
[BlackElo "2659"]
[WhiteFideId "14186667"]
[BlackFideId "12923044"]
[EventDate "2025.07.01"]

1. e4 c5 2. Nf3 d6 3. d4 cxd4 4. Nxd4 Nf6 5. f3 Nc6 6. c4 e6 7. Nc3 Be7 8. Be3
O-O 9. Qd2 a6 10. Be2 Qc7 11. O-O Ne5 12. b3 b6 13. Rac1 Bb7 14. Rfd1 Rac8 15.
Bf1 Rfe8 16. Qf2 Ba8 17. b4 Qb8 18. Na4 d5 19. exd5 exd5 20. c5 bxc5 21. bxc5
Nc4 22. Bxc4 dxc4 23. Rxc4 Nd5 24. c6 Bh4 25. Qxh4 Nxe3 26. c7 Qa7 27. Nc6 Bxc6
28. Qf2 Qxc7 29. Rdc1 Nxc4 0-1

[Event "Titled Tue 1st Jul Early"]
[Site "chess.com INT"]
[Date "2025.07.01"]
[Round "1"]
[White "Skiadopoulos, Nikolaos"]
[Black "Joseph Benher, Savio"]
[Result "0-1"]
[WhiteTitle "CM"]
[WhiteElo "1882"]
[BlackElo "2143"]
[WhiteFideId "4200772"]
[BlackFideId "2629453"]
[EventDate "2025.07.01"]

1. e4 e6 2. d4 d5 3. e5 c5 4. c3 Nc6 5. Nf3 Bd7 6. Be2 Rc8 7. O-O h6 8. dxc5
Bxc5 9. b4 Bb6 10. b5 Na5 11. a4 Ne7 12. Bd3 O-O 13. Bc2 f5 14. exf6 Rxf6 15.
Qd3 Ng6 16. h4 Be8 17. h5 Nf8 18. g4 Nc4 19. g5 Bxh5 20. gxf6 Qxf6 21. Nd4 Ne5
22. Qg3 Bxd4 23. cxd4 Nf3+ 24. Kg2 Rxc2 25. Bf4 Ng6 26. Be5 Ngxe5 27. dxe5 Nxe5
28. Ra3 Bg6 29. Re3 Be4+ 30. Rxe4 dxe4 31. Nc3 Qf3+ 32. Qxf3 exf3+ 0-1

[Event "Titled Tue 1st Jul Early"]
[Site "chess.com INT"]
[Date "2025.07.01"]
[Round "1"]
[White "Palu, Andres"]
[Black "Rustemov, Alexander"]
[Result "1/2-1/2"]
[WhiteTitle "FM"]
[BlackTitle "GM"]
[WhiteElo "2095"]
[BlackElo "2525"]
[WhiteFideId "119288"]
[BlackFideId "4119002"]
[EventDate "2025.07.01"]

1. e4 e6 2. d4 d5 3. Nd2 dxe4 4. Nxe4 Bd7 5. Nf3 Bc6 6. Bd3 Nd7 7. Qe2 Ngf6 8.
c3 Nxe4 9. Bxe4 Bxe4 10. Qxe4 c6 11. O-O Bd6 12. h3 O-O 13. Bg5 Qc7 14. Qc2 Rfe8
15. Rfe1 h6 16. Bd2 Rad8 17. Re2 c5 18. Be3 Nf6 19. Rd1 c4 20. Bc1 b5 21. Rde1
a5 22. Ne5 Rc8 23. Re3 Kf8 24. Rf3 Be7 25. Ng4 Nxg4 26. hxg4 Kg8 27. Re5 b4 28.
g5 hxg5 29. Bxg5 f6 30. Rh3 fxg5 31. Qh7+ Kf7 32. Qh5+ Kf8 33. Qh8+ Kf7 34. Qh5+
Kf8 35. Qh8+ Kf7 36. Qh5+ 1/2-1/2

[Event "Titled Tue 1st Jul Early"]
[Site "chess.com INT"]
[Date "2025.07.01"]
[Round "1"]
[White "Reshetnikov, Alexey"]
[Black "Fernandez Siles, Luis"]
[Result "1-0"]
[WhiteTitle "IM"]
[BlackTitle "FM"]
[WhiteElo "2492"]
[BlackElo "2170"]
[WhiteFideId "4162080"]
[BlackFideId "2209420"]
[EventDate "2025.07.01"]

1. d4 Nf6 2. c4 g6 3. Nc3 Bg7 4. e4 d6 5. Nf3 O-O 6. Be2 c5 7. d5 e6 8. Nd2 exd5
9. cxd5 a6 10. a4 Nbd7 11. O-O Re8 12. Ra3 Rb8 13. a5 b5 14. axb6 Qxb6 15. Nc4
Qc7 16. Bf4 Ne5 17. Bxe5 dxe5 18. Qc2 Rb4 19. Rd1 Nh5 20. d6 Qd8 21. Nd5 Bd7 22.
Bxh5 gxh5 23. Nxb4 cxb4 24. Rxa6 Qg5 25. Ne3 h4 26. Ra7 Be6 27. Qe2 Bh6 28. Qf3
Kh8 29. Nf5 Bxf5 30. Qxf5 Qd8 31. Rxf7 1-0

[Event "Titled Tue 1st Jul Early"]
[Site "chess.com INT"]
[Date "2025.07.01"]
[Round "1"]
[White "Lazaro Azcutia, Miguel"]
[Black "Sowa, Ryan"]
[Result "1-0"]
[WhiteTitle "CM"]
[WhiteElo "2275"]
[BlackElo "2070"]
[WhiteFideId "54538254"]
[BlackFideId "30901693"]
[EventDate "2025.07.01"]

1. e4 b6 2. d4 Bb7 3. Bd3 Nf6 4. Qe2 Nc6 5. c3 e5 6. d5 Ne7 7. Nf3 Ng6 8. h4 h5
9. Bg5 Be7 10. a4 d6 11. a5 Nd7 12. a6 Bc8 13. Bb5 Kf8 14. Bc6 Rb8 15. g3 Nf6
16. Na3 Bg4 17. Nb5 Nd7 18. Nxa7 Bxg5 19. hxg5 Ne7 20. Bb7 Nc5 21. Nc6 Nxc6 22.
Bxc6 g6 23. a7 Ra8 24. b4 Nd7 25. Qe3 Kg7 26. Nh4 Nf8 27. f4 Bd7 28. Bxa8 Qxa8
29. fxe5 dxe5 30. O-O Nh7 31. Rf2 Rf8 32. c4 Bg4 33. Qc3 Re8 34. Qe3 Nf8 35. c5
bxc5 36. bxc5 c6 37. d6 Ne6 38. Raf1 Rf8 39. Qc3 Qxa7 40. Qxe5+ Kg8 41. Nxg6
fxg6 42. Rxf8+ Nxf8 43. Rxf8+ Kxf8 44. Qh8+ 1-0

[Event "Titled Tue 1st Jul Early"]
[Site "chess.com INT"]
[Date "2025.07.01"]
[Round "1"]
[White "Sabatier, Mathis"]
[Black "Aradhya, Garg"]
[Result "0-1"]
[WhiteTitle "CM"]
[BlackTitle "IM"]
[WhiteElo "2235"]
[BlackElo "2370"]
[WhiteFideId "26029685"]
[BlackFideId "25006746"]
[EventDate "2025.07.01"]

1. d4 d5 2. c4 c6 3. Nc3 Nf6 4. cxd5 cxd5 5. Bg5 Ne4 6. Nxe4 dxe4 7. a3 Nc6 8.
d5 Ne5 9. e3 h6 10. Bf4 Ng6 11. Bg3 e6 12. dxe6 Bxe6 13. Bb5+ Bd7 14. Bxd7+ Qxd7
15. Qxd7+ Kxd7 16. Ne2 Bc5 17. O-O-O+ Ke6 18. Nd4+ Kf6 19. h4 Rac8 20. Kb1 h5
21. Nb3 Bb6 22. Rd6+ Ke7 23. Rhd1 Rhd8 24. Rxd8 Rxd8 25. Rxd8 Kxd8 26. Kc2 Ne7
27. Nd2 f5 28. Nc4 Bc7 29. Bxc7+ Kxc7 30. Kc3 Nc6 31. b4 b5 32. Nd2 Kd6 33. Nb3
Kd5 34. f4 exf3 35. gxf3 a6 36. e4+ fxe4 37. fxe4+ Kxe4 38. Nc5+ Kf4 39. Nxa6 g5
40. hxg5 h4 41. Nc5 h3 42. Nd3+ Kg3 43. g6 h2 44. Ne5 Ne7 45. g7 h1=Q 46. Nd3
Qc6+ 0-1

[Event "Titled Tue 1st Jul Early"]
[Site "chess.com INT"]
[Date "2025.07.01"]
[Round "1"]
[White "Vlassov, Nikolai"]
[Black "Purygin, Andrei"]
[Result "1-0"]
[WhiteTitle "IM"]
[BlackTitle "FM"]
[WhiteElo "2291"]
[BlackElo "2335"]
[WhiteFideId "4103360"]
[BlackFideId "24111180"]
[EventDate "2025.07.01"]

1. e4 e5 2. Bc4 Nf6 3. d3 d5 4. exd5 Nxd5 5. Nf3 Nc6 6. O-O Be6 7. Ng5 Qd7 8.
Nxe6 fxe6 9. Nc3 O-O-O 10. Re1 Be7 11. Bb5 h6 12. Qg4 Bf6 13. Ne4 a6 14. Ba4
Rhe8 15. c3 Kb8 16. b4 Nb6 17. Bc2 Nd5 18. a4 Qf7 19. b5 axb5 20. axb5 Na7 21.
Nxf6 Nxf6 22. Qa4 Kc8 23. Qxa7 Nd5 24. Qa8+ Kd7 25. Qxb7 Ke7 26. Ba3+ Kf6 27. c4
Nf4 28. Qe4 Rd4 29. Qxe5+ Kg6 30. Qxd4 Qf5 31. Bb2 Nh3+ 32. gxh3 Rf8 33. Qxg7+
Kh5 34. Bd1+ Kh4 35. Qg3# 1-0

[Event "Titled Tue 1st Jul Early"]
[Site "chess.com INT"]
[Date "2025.07.01"]
[Round "1"]
[White "Li, Yilin"]
[Black "Caprio, Guido"]
[Result "0-1"]
[WhiteTitle "WFM"]
[BlackTitle "IM"]
[WhiteElo "1922"]
[BlackElo "2435"]
[WhiteFideId "8610410"]
[BlackFideId "834580"]
[EventDate "2025.07.01"]

1. e4 d6 2. d4 Nf6 3. Nc3 e6 4. Be3 Be7 5. f3 O-O 6. g4 c5 7. Nge2 cxd4 8. Nxd4
d5 9. g5 Nfd7 10. exd5 Bxg5 11. Qd2 Bxe3 12. Qxe3 exd5 13. O-O-O Re8 14. Qd2 Nc6
15. Nxd5 Nde5 16. Nxc6 bxc6 17. Nc3 Qxd2+ 18. Rxd2 Nxf3 19. Bc4 Nxd2 20. Kxd2
Be6 21. Bxe6 Rad8+ 22. Kc1 Rxe6 23. Rf1 h5 24. a3 h4 25. Na4 Rd5 26. b4 Re2 27.
Nc3 Rxh2 28. Nxd5 cxd5 29. a4 Rg2 30. b5 Rg4 31. a5 Rb4 32. Rh1 Rxb5 33. Rxh4
Rxa5 34. Kd2 g5 35. Rg4 f6 36. Kd3 Kf7 37. Rg3 Kg6 38. c3 f5 39. Kd4 g4 40. Rg2
Kg5 41. Ke5 Ra3 42. Kxd5 Rxc3 43. Ke5 Re3+ 44. Kd4 Re8 45. Rf2 g3 46. Rg2 f4 0-1